[Event "Oklahoma-Texas"]
[Site "Wichita Falls"]
[Date "2004.04.25"]
[Round "1.8"]
[White "Mc Caslin, Thomas"]
[Black "Wells, Bruce A"]
[Result "0-1"]
[WhiteElo "1756"]
[BlackElo "1567"]
[PlyCount "61"]
[EventDate "2004.04.25"]
[EventType "team"]
[EventRounds "2"]
[EventCountry "USA"]
[EventCategory "2"]
[SourceTitle "EXT 2006"]
[Source "ChessBase"]
[SourceDate "2005.11.24"]
[SourceVersion "1"]
[SourceVersionDate "2005.11.24"]
[SourceQuality "1"]

1. d4 Nf6 2. Bg5 e6 3. e4 Be7 4. Nc3 d5 5. e5 Nfd7 6. Bxe7 Qxe7 7. g3 a6 8. Bh3 0-0 9. f4 f5 10. Nf3 c5 11. 0-0 Nc6 12. Kh1 b5 13. Rg1 cxd4 14. Ne2 Nc5 15. Nexd4 Bb7 16. Nxc6 Bxc6 17. Nd4 Rac8 18. c3 Ne4 19. Qe2 Bb7 20. a3 Qc5 21. g4 Qe7 22. gxf5 exf5 23. Bxf5 Qh4 24. Be6+ Kh8 25. Raf1 Rce8 26. Qg2 g6 27. f5 g5 28. Qg4 Qxg4 29. Rxg4 h5 30. Rg2 h4 31. Rf3 0-1

[Event "Oklahoma-Texas"]
[Site "Wichita Falls"]
[Date "2004.04.25"]
[Round "2.8"]
[White "Wells, Bruce A"]
[Black "Mc Caslin, Thomas"]
[Result "0-1"]
[WhiteElo "1567"]
[BlackElo "1756"]
[PlyCount "86"]
[EventDate "2004.04.25"]
[EventType "team"]
[EventRounds "2"]
[EventCountry "USA"]
[EventCategory "2"]
[SourceTitle "EXT 2006"]
[Source "ChessBase"]
[SourceDate "2005.11.24"]
[SourceVersion "1"]
[SourceVersionDate "2005.11.24"]
[SourceQuality "1"]

1. Nf3 d5 2. d4 Nf6 3. e3 e6 4. Bd3 c5 5. c3 Nc6 6. Nbd2 Bd6 7. 0-0 0-0 8. Qe2 Qc7 9. Re1 e5 10. e4 exd4 11. exd5 Ne7 12. Ne4 Nxe4 13. Bxe4 Bf5 14. g4 Bxe4 15. Qxe4 Qd7 16. Ng5 g6 17. h4 Nxd5 18. Bd2 Nf6 19. Qg2 Qxg4 20. Qxg4 Nxg4 21. Ne4 Be7 22. Bg5 f6 23. Bf4 Kg7 24. Nd6 Ne5 25. Bxe5 fxe5 26. Nxb7 Rab8 27. Na5 Rxb2 28. cxd4 Rfxf2 29. Rxe5 Bf6 30. Re4 Bxd4 31. Rxd4 cxd4 32. Nc4 Rxa2 33. Rd1 Rg2+ 34. Kf1 Rh2 35. Kg1 Rag2+ 36. Kf1 Rh1+ 37. Kxg2 Rxd1 38. Kg3 Re1 39. Kg4 d3 40. Kf3 h6 41. Kf2 Re4 42. Nd2 Rxh4 43. Ke3 Rh2 0-1

[Event "Texas Amateur-ch"]
[Site "Dallas"]
[Date "2003.05.26"]
[Round "6"]
[White "Mc Caslin, Thomas"]
[Black "Drake, Joseph R"]
[Result "0-1"]
[WhiteElo "1765"]
[BlackElo "1893"]
[PlyCount "62"]
[EventDate "2003.05.23"]
[EventType "swiss"]
[EventRounds "7"]
[EventCountry "USA"]
[SourceTitle "EXT 2005"]
[Source "ChessBase"]
[SourceDate "2004.11.15"]
[SourceVersion "1"]
[SourceVersionDate "2004.11.15"]
[SourceQuality "1"]

1. d4 d5 2. Nf3 c5 3. e3 Nf6 4. b3 Nc6 5. Bd3 cxd4 6. exd4 Bg4 7. Bb2 e6 8. 0-0 Bd6 9. h3 Bh5 10. Re1 0-0 11. Nbd2 Rc8 12. a3 Bb8 13. Rc1 Qd6 14. c4 Qf4 15. Re2 Rfd8 16. c5 Nd7 17. Qc2 h6 18. g4 Bxg4 19. hxg4 Qxg4+ 20. Kf1 Qh3+ 21. Kg1 Nf6 22. Ne5 Nxe5 23. dxe5 Ng4 24. Nf1 f6 25. Qc3 Kh8 26. Qe1 Qxd3 27. Rc3 Qf5 28. Ng3 Qg6 29. exf6 Nxf6 30. Rxe6 d4 31. Rd3 Qxd3 0-1